| 000 | 00000nam 2200000za 4500 |
| 001 | 9.698922 |
| 003 | CaOODSP |
| 005 | 20250319122328 |
| 007 | cr ||||||||||| |
| 008 | 150407|2009||||xxc|||||o f|0| 0 eng d |
| 040 | |aCaOODSP|beng |
| 043 | |an-cn--- |
| 086 | 1 |aEn4-106/2009E-PDF |
| 110 | 1 |aCanada. |bEnvironment Canada. |
| 245 | 10|aWarning to hunters - the Barrow's Goldeneye : |h[electronic resource]|bknow how to recognize it! |
| 260 | |aGatineau - Quebec : |bEnvironment Canada |cc2009. |
| 300 | |a2p.|bcoloured figs., coloured maps, photographs |
| 500 | |aThe catalogue number (En4-106/2009E) and ISBN (978-1-100-11721-8) for the print edition have been incorrectly copied in this electronic publication. |
| 590 | |a14-08-Supp|b2014-04-10 |
| 690 | 07|aEndangered species|2gcpds |
| 690 | 07|aHunting (Sport)|2gcpds |
| 690 | 07|aMigratory birds|2gcpds |
| 775 | 08|tAvis aux chasseurs - le Garrot d'Islande : |w(CaOODSP)9.642911 |
| 776 | 0#|tWarning to hunters - the Barrow's Goldeneye : |w(CaOODSP)9.651454 |
| 794 | |tWarning to hunters - the Barrow's Goldeneye : |w(CaOODSP)9.699753 |
| 856 | 40|ahttp://publications.gc.ca|qPDF|s1.95 MB|uhttps://publications.gc.ca/collections/collection_2014/ec/En4-106-2009-eng.pdf |